000 00853nam a22002417a 4500
003 OSt
005 20160910142449.0
008 160910b xxu||||| |||| 00| 0 eng d
020 _a1-56370-850-7 Hardcover
040 _cLIC
082 _22002
_aDC 331.702
_bOc1
245 _aOccupational outlook handbook/
_cU.S. Department of Labor, Bureau of Labor Statistics
250 _a2002-2003 Edition
260 _aIndianapolis, IN :
_bJIST Pub.,
_cc2002.
300 _axiii, 639 pages:
_billustrations;
_c28 cm.
500 _aIncludes index.
650 0 _914396
_aVocational guidance -- United States
650 0 _914397
_aOccupations -- United States
650 0 _914398
_aEmployment forecasting -- United States
650 0 _914399
_aCareer development -- United States
700 _914400
_aUnited States. Bureau of Labor Statistics
942 _2ddc
_cDC
999 _c4465
_d4465